| 000 | 00567nam a2200193 a 4500 | ||
|---|---|---|---|
| 001 | 000008110 | ||
| 005 | 20200929154434.0 | ||
| 008 | 910103s1987 cu 000 1 spa c | ||
| 040 |
_aDO-SdBNP _bspa _dBNPHU |
||
| 082 |
_aU863.44 _bI12n |
||
| 100 | 1 |
_aIbargoyen Islas, Saúl. _922022 |
|
| 245 | 1 | 0 |
_aNoche de espadas / _cSaúl Ibargoyen. |
| 260 |
_aLa Habana : _bArte y Lituratura, _c1987. |
||
| 300 |
_a183 p. ; _c18 cm. |
||
| 490 | 1 | _aBolsilibros A. L. | |
| 650 | 4 |
_aNovela uruguaya _95679 |
|
| 650 | 4 |
_aLiteratura uruguaya _93054 |
|
| 830 | 0 |
_aBolsilibros A. L. _921505 |
|
| 999 |
_c7887 _d7887 |
||